| 000 | 01994nam a2200325Ia 4500 | ||
|---|---|---|---|
| 999 |
_c47249 _d47249 |
||
| 001 | 14109 | ||
| 003 | GE_BSU | ||
| 005 | 20241107162215.0 | ||
| 008 | 181216s2014||||ge |||||||||||||| ||geo|| | ||
| 020 | _a9789941218231 | ||
| 040 | _cGE_BSU | ||
| 041 | _ageo | ||
| 080 | _a27-788-055.2(470) წ-71 | ||
| 245 |
_aწმინდა დედანი / _cშემდგენელი მანანა ტუაევა ; გარეკანის დიზაინი ეთერ გზირიშვილი. |
||
| 264 |
_aთბილისი : _bპალიტრა L, _c2014. |
||
| 300 |
_a192 გვ. ; _c20 სმ. |
||
| 490 |
_aსაქართველოს იმედი II _vწ. 9 |
||
| 500 | _aიბეჭდება სრულიად საქართველოს კათოლიკოს-პატრიარქის, უწმინდესისა და უნეტარესის ილია II-ის ლოცვა-კურთხევით | ||
| 504 | _aბიბლიოგრ. : გვ. 189 | ||
| 541 | _h2ლ. | ||
| 653 | _aწმინდა დედანი | ||
| 653 | _aნეტარი მატრონა მოსკოველი | ||
| 653 | _aწმინდა ღირსმოწამენი ელისაბედი და ბარბარე წმინდა მოწამენი პისტი,ელპიდე, აღაპია და დედა მათი სოფიო | ||
| 653 | _aწმინდა დედოფალი ალექსანდრა და მისი ქალიშვილი ვალერია | ||
| 653 | _aწმინდა მაკრინე | ||
| 653 | _a წმინდა პელაგია ტარსელი | ||
| 653 | _aნეტარი პელაგია | ||
| 700 |
_aგზირიშვილი, ეთერ _eგარეკანის დიზაინი _923643 |
||
| 942 |
_cBK _2udc |
||